000
00266nam a2200109Ia 4500
008
220204s9999 xx 000 0 und d
082
_a
342.24(540)
_b
GAD
100
_a
GADGIL, D R
245
0
_a
Federal problem in India
260
_a
Poona
_b
Gokhale
_c
1947
942
_c
BK
999
_c
20018
_d
20018